Compendio de matemáticas puras y mistas [sic] / (Record no. 166944)

MARC details
000 -LEADER
campo de control de longitud fija 00873nam a22002175i 4500
001 - NÚMERO DE CONTROL
campo de control 166944
003 - IDENTIFICADOR DE NÚMERO DE CONTROL
campo de control ES-MaACL
005 - FECHA Y HORA DE LA ÚLTIMA TRANSACCIÓN
campo de control 20250903011205.0
008 - DATOS DE LONGITUD FIJA--INFORMACIÓN GENERAL
campo de control de longitud fija 931126s18261827sp a |||| | spa d
040 ## - FUENTE DE CATALOGACIÓN
Centro catalogador/agencia de origen CAT
Lengua de catalogación spa
Centro/agencia transcriptor CAT
Centro/agencia modificador CCPB
080 ## - NÚMERO DE LA CLASIFICACIÓN DECIMAL UNIVERSAL
Número de la Clasificación Decimal Universal 51
100 1# - ENTRADA PRINCIPAL--NOMBRE DE PERSONA
Nombre de persona Vallejo, José Mariano,
Fechas asociadas al nombre 1779-1846
9 (RLIN) 139765
245 10 - MENCIÓN DEL TÍTULO
Título Compendio de matemáticas puras y mistas [sic] /
Mención de responsabilidad, etc. por José Mariano Vallejo.
250 ## - MENCION DE EDICION
Mención de edición 2ª ed., corr. y aum.
260 ## - PUBLICACIÓN, DISTRIBUCIÓN, ETC.
Lugar de publicación, distribución, etc. Madrid :
Nombre del editor, distribuidor, etc. [s.n.],
Fecha de publicación, distribución, etc. 1826-1827 (
Fabricante Imprenta que fue de García)
300 ## - DESCRIPCIÓN FÍSICA
Extensión 2 vol. (XVI, 365 p., 4 h. pleg. de láms.; VIII, 439, 18 p., 4 h. pleg. de láms.) ;
Dimensiones 20 cm.
595 ## -
-- Existe otra ed. con identico pie de imp. en cuyo tit. consta: "mista"
650 #7 - PUNTO DE ACCESO ADICIONAL DE MATERIA--TÉRMINO DE MATERIA
Término de materia o nombre geográfico como elemento de entrada Matemáticas
Fuente del encabezamiento o término embne
9 (RLIN) 14814
852 ## - LOCALIZACIÓN
Ubicación ES-MaACL
Número de control de estantería G-10095
Nota libre -- Enc. hol.
-- -- Legado Calderón
condición física -- Sólo t.I
Holdings
Estatus retirado Estado de pérdida Estado de daño No para préstamo Colección Biblioteca de origen Biblioteca actual Ubicación en estantería Fecha de adquisición Fuente de adquisición Total de préstamos Signatura topográfica completa Código de barras Visto por última vez Precio de reemplazo Tipo de ítem Koha
        Libros del s. XIX Biblioteca del Ateneo de Madrid Biblioteca del Ateneo de Madrid Sala Pecera Planta 3 17/01/2008     G-10095 1175122 23/02/2023 23/02/2023 Libro impreso antiguo